[Event "IECG TE.2002.P.01002 email"]
[Site "IECG email"]
[Date "2002.03.28"]
[Round "?"]
[White "Geiger, Walter"]
[Black "Vandersluys, Paul"]
[Result "1-0"]
[WhiteElo "1977"]
[BlackElo "756"]
[PlyCount "89"]
[EventDate "2002.03.28"]
[EventType "tourn (corr)"]
[EventRounds "8"]
[SourceTitle "Corr 2008"]
[Source "ChessBase"]
[SourceDate "2008.06.24"]
[SourceVersion "1"]
[SourceVersionDate "2008.06.24"]
[SourceQuality "1"]

1. e4 e5 2. Nf3 Nc6 3. Bb5 Bc5 4. d3 a6 5. Bxc6 dxc6 6. Qe2 Bd6 7. 0-0 Nf6 8. Nbd2 b5 9. d4 Bg4 10. h3 Bxf3 11. Nxf3 Qe7 12. Re1 0-0 13. Bg5 c5 14. d5 c4 15. Nh4 Qd8 16. Qf3 Be7 17. Nf5 Nxd5 18. Bh6 gxh6 19. Rad1 Kh8 20. Rxd5 Bd6 21. Nxh6 Qe7 22. Red1 Qe6 23. Nf5 Rfd8 24. Qc3 Rab8 25. b3 Be7 26. Rxd8+ Rxd8 27. Rxd8+ Bxd8 28. bxc4 bxc4 29. Qa3 f6 30. h4 c3 31. Qxc3 Qd7 32. Qa3 Qe6 33. Kh2 Qc4 34. Qg3 Qg8 35. Qd3 Qe8 36. Qxa6 Qd7 37. a4 c6 38. a5 c5 39. Qa8 h5 40. a6 Kh7 41. Qb8 Qc6 42. Qxd8 Qxe4 43. Qd7+ Kg6 44. Ne7+ Kg7 45. a7 1-0

[Event "IECG TE.2002.P.01002 email"]
[Site "IECG email"]
[Date "2002.03.28"]
[Round "?"]
[White "Vandersluys, Paul"]
[Black "Soule, Larry P"]
[Result "0-1"]
[WhiteElo "756"]
[BlackElo "1151"]
[PlyCount "40"]
[EventDate "2002.03.28"]
[EventType "tourn (corr)"]
[EventRounds "8"]
[SourceTitle "Corr 2008"]
[Source "ChessBase"]
[SourceDate "2008.06.24"]
[SourceVersion "1"]
[SourceVersionDate "2008.06.24"]
[SourceQuality "1"]

1. e4 e5 2. Nf3 Nc6 3. Bb5 Bc5 4. c3 Nf6 5. d3 Qe7 6. b4 Bb6 7. Bc4 0-0 8. a4 a5 9. b5 Nd8 10. 0-0 d6 11. Na3 c6 12. Qb3 Rb8 13. Nc2 Be6 14. Bxe6 Qxe6 15. c4 d5 16. Ba3 dxc4 17. dxc4 Re8 18. Qd3 cxb5 19. cxb5 Rc8 20. Ne3 Bxe3 0-1

[Event "IECG TE.2000.F.00501 email"]
[Site "IECG email"]
[Date "2002.01.15"]
[Round "?"]
[White "Vandersluys, Paul"]
[Black "Malmstroem, Jan"]
[Result "0-1"]
[WhiteElo "745"]
[BlackElo "1898"]
[PlyCount "80"]
[EventDate "2002.01.15"]
[EventType "tourn (corr)"]
[EventRounds "14"]
[SourceTitle "Corr 2008"]
[Source "ChessBase"]
[SourceDate "2008.06.24"]
[SourceVersion "1"]
[SourceVersionDate "2008.06.24"]
[SourceQuality "1"]

1. d4 f5 2. g3 Nf6 3. Bg2 e6 4. Nf3 Be7 5. 0-0 0-0 6. c4 d5 7. cxd5 exd5 8. Bg5 Ne4 9. Bxe7 Qxe7 10. Nc3 Be6 11. Qb3 c6 12. e3 b6 13. Ne2 Nd7 14. Nf4 g5 15. Nxe6 Qxe6 16. Rac1 Rac8 17. Qd3 h5 18. Qa6 Rc7 19. b4 g4 20. Nh4 Nd2 21. Rfe1 b5 22. Qa5 Nb6 23. Qa6 Nbc4 24. a4 bxa4 25. Qxa4 Rb8 26. Qc2 Ne4 27. Nxf5 Rxb4 28. Bxe4 dxe4 29. Qe2 Nb2 30. Rb1 Rcb7 31. Nh4 Nd3 32. Rxb4 Rxb4 33. Rd1 Qc4 34. Qd2 Ra4 35. Rb1 Ra2 36. Qd1 Qf7 37. Qf1 a5 38. Qg2 a4 39. Rf1 Rxf2 40. Rxf2 Qxf2+ 0-1

[Event "IECG TE.2000.F.00501 email"]
[Site "IECG email"]
[Date "2002.01.15"]
[Round "?"]
[White "Vandersluys, Paul"]
[Black "Marcotulli, Giancarlo"]
[Result "0-1"]
[WhiteElo "745"]
[BlackElo "1998"]
[PlyCount "92"]
[EventDate "2002.01.15"]
[EventType "tourn (corr)"]
[EventRounds "14"]
[SourceTitle "Corr 2008"]
[Source "ChessBase"]
[SourceDate "2008.06.24"]
[SourceVersion "1"]
[SourceVersionDate "2008.06.24"]
[SourceQuality "1"]

1. d4 f5 2. g3 Nf6 3. Bg2 e6 4. Nf3 Be7 5. 0-0 0-0 6. c4 d5 7. cxd5 exd5 8. Nc3 c6 9. Qb3 Nbd7 10. Bf4 Ne4 11. Rac1 Bf6 12. e3 Qe7 13. Qc2 g5 14. Bc7 Rf7 15. b3 Bg7 16. Na4 Nb8 17. Bxb8 Rxb8 18. Nc5 g4 19. Nd2 Nxc5 20. dxc5 Be6 21. b4 f4 22. exf4 Bf5 23. Qa4 a6 24. Nb3 Bb2 25. Rcd1 Qf6 26. Nc1 Qc3 27. Ne2 Qa3 28. Qb3 Qxb3 29. axb3 Ba3 30. Nc3 Bxb4 31. Nxd5 cxd5 32. Bxd5 Rc8 33. Bxf7+ Kxf7 34. Rd5 Rxc5 35. Rxc5 Bxc5 36. Rd1 Kf6 37. Kg2 Be4+ 38. Kg1 a5 39. Rd2 Bf5 40. Kg2 Be6 41. Rd3 b5 42. Rc3 Bf8 43. Rd3 a4 44. bxa4 bxa4 45. f3 gxf3+ 46. Kxf3 a3 0-1

[Event "IECG TE.2000.F.00501 email"]
[Site "IECG email"]
[Date "2002.01.15"]
[Round "?"]
[White "Vandersluys, Paul"]
[Black "Newton, Hobart E"]
[Result "1/2-1/2"]
[WhiteElo "745"]
[BlackElo "1920"]
[PlyCount "51"]
[EventDate "2002.01.15"]
[EventType "tourn (corr)"]
[EventRounds "14"]
[SourceTitle "Corr 2008"]
[Source "ChessBase"]
[SourceDate "2008.06.24"]
[SourceVersion "1"]
[SourceVersionDate "2008.06.24"]
[SourceQuality "1"]

1. d4 f5 2. g3 Nf6 3. Bg2 e6 4. Nf3 Be7 5. 0-0 0-0 6. c4 d5 7. cxd5 Nxd5 8. Nc3 Nxc3 9. bxc3 c5 10. Rb1 cxd4 11. Nxd4 Na6 12. Rxb7 Bxb7 13. Bxb7 Nc5 14. Bxa8 Qxa8 15. Ba3 Qc8 16. Bxc5 Bxc5 17. Qb3 Bxd4 18. cxd4 f4 19. e3 fxe3 20. fxe3 Rxf1+ 21. Kxf1 Qc6 22. Kf2 a5 23. Qb8+ Kf7 24. Qa7+ Kg6 25. Qxa5 Qc2+ 26. Kg1 1/2-1/2

[Event "IECG TE.2001.P.00810 email"]
[Site "IECG email"]
[Date "2001.10.05"]
[Round "?"]
[White "Pollina, Paolo"]
[Black "Vandersluys, Paul"]
[Result "0-1"]
[WhiteElo "1166"]
[BlackElo "749"]
[PlyCount "34"]
[EventDate "2001.10.05"]
[EventType "tourn (corr)"]
[EventRounds "12"]
[SourceTitle "Corr 2008"]
[Source "ChessBase"]
[SourceDate "2008.06.24"]
[SourceVersion "1"]
[SourceVersionDate "2008.06.24"]
[SourceQuality "1"]

1. e4 d6 2. d4 Nf6 3. Nc3 g6 4. Nf3 Bg7 5. Be3 0-0 6. Qd2 c6 7. Bh6 Bxh6 8. Qxh6 Ng4 9. Qd2 b5 10. h3 Nf6 11. a3 Bb7 12. Qh6 a5 13. e5 Nbd7 14. exf6 Nxf6 15. Ng5 d5 16. Bd3 Qb6 17. Nf3 Qc7 0-1

[Event "IECG TE.2001.P.00704 email"]
[Site "IECG email"]
[Date "2001.05.20"]
[Round "?"]
[White "Vandersluys, Paul"]
[Black "Suc, Timothy"]
[Result "0-1"]
[WhiteElo "772"]
[BlackElo "2052"]
[PlyCount "50"]
[EventDate "2001.05.20"]
[EventType "tourn (corr)"]
[EventRounds "8"]
[SourceTitle "Corr 2008"]
[Source "ChessBase"]
[SourceDate "2008.06.24"]
[SourceVersion "1"]
[SourceVersionDate "2008.06.24"]
[SourceQuality "1"]

1. e4 e5 2. f4 exf4 3. Nf3 g5 4. Bc4 g4 5. 0-0 gxf3 6. Qxf3 Qf6 7. Qxf4 Bc5+ 8. Kh1 Qxf4 9. Rxf4 f6 10. Nc3 Nc6 11. Bxg8 Rxg8 12. Nd5 Kd8 13. Nxf6 Rg7 14. c3 Rf7 15. d4 Be7 16. Nd5 Rxf4 17. Bxf4 d6 18. Rf1 Bd7 19. b4 b5 20. Be3 a5 21. a4 bxa4 22. b5 Nb8 23. c4 Be6 24. b6 Bxd5 25. bxc7+ Kxc7 0-1

[Event "IECG TE.2001.P.00704 email"]
[Site "IECG email"]
[Date "2001.05.20"]
[Round "?"]
[White "Vandersluys, Paul"]
[Black "Wiltenburg, Fred"]
[Result "0-1"]
[WhiteElo "772"]
[BlackElo "1482"]
[PlyCount "62"]
[EventDate "2001.05.20"]
[EventType "tourn (corr)"]
[EventRounds "8"]
[SourceTitle "Corr 2008"]
[Source "ChessBase"]
[SourceDate "2008.06.24"]
[SourceVersion "1"]
[SourceVersionDate "2008.06.24"]
[SourceQuality "1"]

1. e4 e5 2. f4 exf4 3. Nf3 g5 4. Bc4 g4 5. 0-0 gxf3 6. Qxf3 Qf6 7. Qxf4 Qxf4 8. Rxf4 f6 9. Bxg8 Rxg8 10. Rxf6 Bg7 11. Rf1 d6 12. c3 Nc6 13. Na3 Bg4 14. d4 Be2 15. Re1 Ba6 16. Be3 0-0-0 17. Bf2 Rde8 18. Rad1 Nd8 19. b4 b6 20. Bg3 Bb7 21. e5 dxe5 22. dxe5 Nc6 23. Nc4 Ba6 24. Re4 Bxc4 25. Rxc4 Nxe5 26. Rh4 h6 27. Rf4 Rd8 28. Rdf1 Rd2 29. a3 Nd3 30. Rc4 Be5 31. Bxe5 Rdxg2+ 0-1

[Event "IECG TE.2001.P.00611 email"]
[Site "IECG email"]
[Date "2001.03.20"]
[Round "?"]
[White "Kessel, Rolf"]
[Black "Vandersluys, Paul"]
[Result "0-1"]
[WhiteElo "1683"]
[BlackElo "772"]
[PlyCount "86"]
[EventDate "2001.03.20"]
[EventType "tourn (corr)"]
[EventRounds "8"]
[SourceTitle "Corr 2008"]
[Source "ChessBase"]
[SourceDate "2008.06.24"]
[SourceVersion "1"]
[SourceVersionDate "2008.06.24"]
[SourceQuality "1"]

1. e4 c5 2. d4 cxd4 3. c3 dxc3 4. Nxc3 Nc6 5. Nf3 g6 6. h4 Bg7 7. h5 Bxc3+ 8. bxc3 d6 9. Bc4 Nf6 10. hxg6 fxg6 11. Bh6 e6 12. Qb3 Nxe4 13. 0-0 Nc5 14. Qa3 Qa5 15. Qc1 b5 16. Nd4 Nxd4 17. cxd4 bxc4 18. dxc5 Qxc5 19. Rb1 e5 20. Qg5 Kf7 21. Rfe1 Bd7 22. Re3 Qc6 23. Rf3+ Bf5 24. Rxf5+ gxf5 25. Qxf5+ Ke8 26. Qe6+ Kd8 27. Qf6+ Kd7 28. Qg7+ Ke6 29. Rb7 Kd5 30. Qf7+ Kd4 31. Rb1 Rhg8 32. Be3+ Kd3 33. Qxh7+ Kc3 34. Qh3 Qe4 35. Re1 Qg4 36. Bd2+ Kd4 37. Qc3+ Kd5 38. g3 Ke6 39. Qe3 Rh8 40. Bc3 Qh3 41. Qf3 Qh2+ 42. Kf1 Qh1+ 43. Ke2 Qxf3+ 0-1

[Event "IECG TE.2001.P.00611 email"]
[Site "IECG email"]
[Date "2001.03.20"]
[Round "?"]
[White "Vandersluys, Paul"]
[Black "Cattermole, John"]
[Result "1/2-1/2"]
[WhiteElo "772"]
[BlackElo "1615"]
[PlyCount "28"]
[EventDate "2001.03.20"]
[EventType "tourn (corr)"]
[EventRounds "8"]
[SourceTitle "Corr 2008"]
[Source "ChessBase"]
[SourceDate "2008.06.24"]
[SourceVersion "1"]
[SourceVersionDate "2008.06.24"]
[SourceQuality "1"]

1. e4 c5 2. d4 cxd4 3. c3 dxc3 4. Nxc3 Nc6 5. Nf3 e6 6. Bd3 d5 7. exd5 exd5 8. 0-0 Bd6 9. Re1+ Nge7 10. Qa4 0-0 11. Bg5 Be6 12. Qh4 h6 13. Bxh6 gxh6 14. Qxh6 Bf5 1/2-1/2

[Event "IECG CN.2001.0.00236"]
[Site "IECG email"]
[Date "2001.02.18"]
[Round "?"]
[White "Vandersluys, Paul"]
[Black "Zazen, Zen"]
[Result "0-1"]
[WhiteElo "811"]
[BlackElo "800"]
[PlyCount "40"]
[EventDate "2001.02.18"]
[EventType "tourn (corr)"]
[EventRounds "6"]
[SourceTitle "Corr 2008"]
[Source "ChessBase"]
[SourceDate "2008.06.24"]
[SourceVersion "1"]
[SourceVersionDate "2008.06.24"]
[SourceQuality "1"]

1. d4 d5 2. Bg5 h6 3. Bf4 Nf6 4. e3 c5 5. dxc5 Nc6 6. Bb5 Qa5+ 7. Nc3 a6 8. Bxc6+ bxc6 9. Qd4 Bf5 10. 0-0-0 e6 11. Bd6 Bxd6 12. cxd6 0-0 13. f3 Rab8 14. g4 Bh7 15. a3 c5 16. Qf4 Rxb2 17. Kxb2 Rb8+ 18. Kc1 Qxc3 19. e4 Bxe4 20. fxe4 Nxe4 0-1

[Event "IECG TE.2000.P.00504 email"]
[Site "IECG email"]
[Date "2000.11.08"]
[Round "?"]
[White "Vandersluys, Paul"]
[Black "Hall, Roland"]
[Result "1-0"]
[WhiteElo "798"]
[BlackElo "1218"]
[PlyCount "35"]
[EventDate "2000.11.08"]
[EventType "tourn (corr)"]
[EventRounds "12"]
[SourceTitle "Corr 2008"]
[Source "ChessBase"]
[SourceDate "2008.06.24"]
[SourceVersion "1"]
[SourceVersionDate "2008.06.24"]
[SourceQuality "1"]

1. d4 f5 2. g3 Nf6 3. Bg2 e6 4. Nf3 Be7 5. 0-0 0-0 6. c4 d5 7. b3 Bd7 8. Bf4 Bd6 9. Ne5 Be8 10. Nc3 Bb4 11. Qd3 Ne4 12. Nxe4 fxe4 13. Qc2 Nd7 14. cxd5 exd5 15. Bxe4 Nxe5 16. Bxh7+ Kf7 17. Bxe5 c6 18. Qg6+ 1-0

[Event "IECG TE.2000.P.00413 email"]
[Site "IECG email"]
[Date "2000.07.15"]
[Round "?"]
[White "Nava Baro, Enrique"]
[Black "Vandersluys, Paul"]
[Result "1-0"]
[WhiteElo "2111"]
[BlackElo "800"]
[PlyCount "61"]
[EventDate "2000.07.15"]
[EventType "tourn (corr)"]
[EventRounds "8"]
[SourceTitle "Corr 2008"]
[Source "ChessBase"]
[SourceDate "2008.06.24"]
[SourceVersion "1"]
[SourceVersionDate "2008.06.24"]
[SourceQuality "1"]

1. e4 e5 2. Nf3 Nc6 3. Bc4 Nf6 4. Ng5 Bc5 5. Nxf7 Qe7 6. Nxh8 Bxf2+ 7. Kxf2 Qc5+ 8. d4 Qxc4 9. d5 Nb4 10. Nc3 d6 11. Re1 Bg4 12. Qd2 0-0-0 13. a3 Rf8 14. Kg1 Qc5+ 15. Kh1 Nbxd5 16. exd5 Rxh8 17. Qe3 Qxe3 18. Bxe3 Kb8 19. Rf1 Re8 20. Bg5 Nh5 21. Rf7 h6 22. Be3 b6 23. Raf1 g5 24. Rh7 Nf4 25. Rxh6 Bf5 26. g3 Nxd5 27. Nxd5 Be4+ 28. Kg1 Bxd5 29. Rhf6 g4 30. Rf8 Rc8 31. h4 1-0

[Event "IECG TE.2000.P.00413 email"]
[Site "IECG email"]
[Date "2000.07.15"]
[Round "?"]
[White "Vandersluys, Paul"]
[Black "Nava Baro, Enrique"]
[Result "0-1"]
[WhiteElo "800"]
[BlackElo "2111"]
[PlyCount "72"]
[EventDate "2000.07.15"]
[EventType "tourn (corr)"]
[EventRounds "8"]
[SourceTitle "Corr 2008"]
[Source "ChessBase"]
[SourceDate "2008.06.24"]
[SourceVersion "1"]
[SourceVersionDate "2008.06.24"]
[SourceQuality "1"]

1. e4 e5 2. Nf3 Nc6 3. Bc4 Nf6 4. Ng5 Bc5 5. Bxf7+ Ke7 6. Bd5 Rf8 7. Nf3 Qe8 8. Bxc6 dxc6 9. d3 Bg4 10. 0-0 Qh5 11. Be3 Bb6 12. Bxb6 axb6 13. Nbd2 g5 14. h3 Bxf3 15. Qxf3 g4 16. hxg4 Nxg4 17. Qg3 Rf6 18. Nc4 Rh6 19. Qh3 Qxh3 20. gxh3 Rg8 21. f3 Ne3+ 22. Kf2 Nxf1 23. Rxf1 Rxh3 24. Nxe5 Rh2+ 25. Ke3 Rxc2 26. Rf2 Rg2 27. Rxg2 Rxg2 28. b4 h5 29. f4 h4 30. Kf3 h3 31. f5 Rxa2 32. Ng4 h2 33. f6+ Ke6 34. Nxh2 Rxh2 35. e5 Kxe5 36. f7 Rh8 0-1

[Event "IECG TE.2000.P.00413 email"]
[Site "IECG email"]
[Date "2000.07.15"]
[Round "?"]
[White "Vandersluys, Paul"]
[Black "Newton, Hobart E"]
[Result "1/2-1/2"]
[WhiteElo "800"]
[BlackElo "2030"]
[PlyCount "54"]
[EventDate "2000.07.15"]
[EventType "tourn (corr)"]
[EventRounds "8"]
[SourceTitle "Corr 2008"]
[Source "ChessBase"]
[SourceDate "2008.06.24"]
[SourceVersion "1"]
[SourceVersionDate "2008.06.24"]
[SourceQuality "1"]

1. e4 e5 2. Nf3 Nc6 3. Bc4 Nf6 4. Ng5 Bc5 5. Nxf7 Bxf2+ 6. Kf1 Qe7 7. Nxh8 Qf8 8. Bf7+ Kd8 9. Kxf2 Nxe4+ 10. Ke1 Qxh8 11. Rf1 Nf6 12. d3 d6 13. Bg5 h6 14. Bxf6+ gxf6 15. Nd2 Ne7 16. Qf3 f5 17. c3 Bd7 18. Qxb7 Bc6 19. Qb3 Bxg2 20. Rg1 Bc6 21. Qb4 Qf6 22. Bb3 a5 23. Qc4 Bd5 24. Qa4 Bc6 25. Qc4 Bd5 26. Qa4 Bc6 27. Qc4 Bd5 1/2-1/2

[Event "IECG CN.2000.0.00192"]
[Site "IECG email"]
[Date "2000.04.24"]
[Round "?"]
[White "Nakamura, Masatumi"]
[Black "Vandersluys, Paul"]
[Result "0-1"]
[WhiteElo "800"]
[BlackElo "800"]
[PlyCount "31"]
[EventDate "2000.04.24"]
[EventType "tourn (corr)"]
[EventRounds "6"]
[SourceTitle "Corr 2008"]
[Source "ChessBase"]
[SourceDate "2008.06.24"]
[SourceVersion "1"]
[SourceVersionDate "2008.06.24"]
[SourceQuality "1"]

1. e4 Nf6 2. e5 Nd5 3. d4 d6 4. c4 Nb6 5. f4 Bf5 6. Nf3 e6 7. exd6 cxd6 8. Bd3 Bxd3 9. Qxd3 Be7 10. 0-0 0-0 11. Be3 Nc6 12. Nbd2 Qc7 13. Rac1 d5 14. c5 Nd7 15. f5 Qa5 16. a3 0-1

[Event "IECG QN.2000.0.00103"]
[Site "IECG email"]
[Date "2000.03.17"]
[Round "?"]
[White "Vandersluys, Paul"]
[Black "Mashlan, Robert"]
[Result "1-0"]
[WhiteElo "800"]
[BlackElo "800"]
[PlyCount "87"]
[EventDate "2000.03.17"]
[EventType "tourn (corr)"]
[EventRounds "6"]
[SourceTitle "Corr 2008"]
[Source "ChessBase"]
[SourceDate "2008.06.24"]
[SourceVersion "1"]
[SourceVersionDate "2008.06.24"]
[SourceQuality "1"]

1. e4 e5 2. Nf3 Nc6 3. d4 exd4 4. Bc4 Nf6 5. Nxd4 Bc5 6. Nxc6 bxc6 7. Nc3 Qe7 8. 0-0 0-0 9. Qf3 d6 10. Bg5 Rb8 11. Bxf6 Qxf6 12. Qxf6 gxf6 13. Na4 Bd4 14. c3 Bb6 15. Bd3 d5 16. Rfe1 dxe4 17. Bxe4 c5 18. Rad1 Be6 19. b3 Rbd8 20. Nb2 Rd7 21. Rxd7 Bxd7 22. Rd1 Re8 23. Rxd7 Rxe4 24. Kf1 a6 25. Rd8+ Kg7 26. Ra8 a5 27. Nc4 Re6 28. Nxa5 Bxa5 29. Rxa5 Rc6 30. a4 f5 31. f4 Kf6 32. Kf2 c4 33. b4 Rd6 34. Rc5 Rd2+ 35. Kf1 Rd1+ 36. Ke2 Rh1 37. Rxc4 Rxh2 38. Kf2 Rh4 39. a5 Rh1 40. Rc6+ Ke7 41. Rxc7+ Ke8 42. a6 Ra1 43. a7 Kd8 44. Rxf7 1-0

[Event "IECG QN.2000.0.00103"]
[Site "IECG email"]
[Date "2000.03.17"]
[Round "?"]
[White "Vandersluys, Paul"]
[Black "Monostori, Akos"]
[Result "1/2-1/2"]
[WhiteElo "800"]
[BlackElo "800"]
[PlyCount "44"]
[EventDate "2000.03.17"]
[EventType "tourn (corr)"]
[EventRounds "6"]
[SourceTitle "Corr 2008"]
[Source "ChessBase"]
[SourceDate "2008.06.24"]
[SourceVersion "1"]
[SourceVersionDate "2008.06.24"]
[SourceQuality "1"]

1. f4 e5 2. fxe5 d6 3. Nf3 dxe5 4. Nxe5 Nd7 5. Nxd7 Bxd7 6. Nc3 Bd6 7. g3 Bc6 8. e4 Nf6 9. d3 0-0 10. Bh3 Bd7 11. Bxd7 Qxd7 12. Bd2 Bc5 13. Qf3 Ng4 14. h3 Ne5 15. Qh5 Rfe8 16. Bf4 Bd4 17. 0-0-0 Bxc3 18. bxc3 Qd6 19. Rhf1 g6 20. Qg5 f6 21. Qh6 Qa3+ 22. Kd2 Qxa2 1/2-1/2